Normal view
MARC view
- ياسمين حيدر
Entry Personal Name
001 - CONTROL NUMBER
- control field: 121277
003 - CONTROL NUMBER IDENTIFIER
- control field: NUST
005 - DATE AND TIME OF LATEST TRANSACTION
- control field: 20240226094826.0
008 - FIXED-LENGTH DATA ELEMENTS
- fixed length control field: 240226|| aca||aabn | a|a d
040 ## - CATALOGING SOURCE
- Original cataloging agency: NUST
- Transcribing agency: NUST
100 ## - HEADING--PERSONAL NAME
- Personal name: ياسمين حيدر
670 ## - SOURCE DATA FOUND
- Source citation: Work cat.: (NUST): ياسمين حيدر, مضامين انسانی حقوق, 2014.
